000 00448nam a2200157Ia 4500
008 210716s2012 xx 000 0 und d
020 _a9781259001048
041 _aeng
082 _a153.94 SHAA
100 _aSharma, Arun;Upadhyay, Meenakshi.
245 _aTest series for the CAT online.
250 _a1
260 _aNew Delhi
_bTata McGraw Hill Publishing Company Ltd
_c2012
300 _aI.12,II.41,III.11,IV.406
650 _aAptitude Test
999 _c193134
_d193134